000 01727nam0a2200325 i 4500
001 RU\NLR\BIBL_A\011615458
005 20241103090703.0
010 _a9785941785391
_91000
021 _aRU
_b2017-102644
_97409
035 _a(RuMoRGB)009507822
035 _a(NLR Aleph) 011615458
090 _a10956245
_c10956245
100 _a20180131d2017 um y0rusy50 ca
101 0 _arus
102 _aRU
105 _aa|||j|||000zy
200 1 _aНачертательная геометрия в вопросах и ответах
_eучебное пособие
_eдля студентов высших учебных заведений, обучающихся по направлениям "Конструкторско-технологическое обеспечение машиностроительных производств", "Автоматизация технологических процессов и производств"
_fО. В. Бразговка, О. П. Микова, Н. В. Муренкова
210 _aСтарый Оскол
_cТНТ
_d2017
215 _a159 с.
_cил.
_d25
320 _aБиблиогр.: с. 157 (12 назв.)
606 _aНачертательная геометрия
_jУчебные издания для высших учебных заведений
_9925394
_3RU\NLR\AUTH\6621184
686 _aВ181.19я73-1
_2rubbk
686 1 _aВ181.19я73-1
700 1 _aБразговка
_bО. В.
_gОльга Владимировна
701 1 _aМикова
_bО. П.
_gОксана Петровна
701 1 _aМуренкова
_bН. В.
_gНина Васильевна
942 _cBOOK
980 _aNBR